000 00767nam a2200265 i 4500
001 bg
100 1 _aSWEENEY, Simon
245 1 0 _aTest your professional English - finance /
_cSimon Sweeney.
260 _aHarlow :
_bPearson Education :
_bPenguin Books,
_c2004.
300 _a90 s. :
_brys. ;
_c21 cm.
490 1 _aTest Your ...
504 _aIndeks.
650 9 _aJęzyk angielski
650 9 _aFinanse
_xsłownictwo
655 _aPodręczniki akademickie
830 _aTest Your ...
020 _a0582451604
040 _cBPK
041 0 _agbr
080 _a811.111(075.8):336
920 _a0-582-45160-4
942 _cKS
008 s pl f |000 0 pol
999 _c51356
_d51356
856 _uhttp://koha.tu.koszalin.pl/cgi-bin/koha/opac-detail.pl?biblionumber=51356
_yKatalog online BPK